| 000 | 00535nam a2200181Ia 4500 | ||
|---|---|---|---|
| 008 | 100917s9999 xx 000 0 und d | ||
| 082 | _b12130 | ||
| 100 | _aगुलशन नंदा , रांगणेकर कुमुदिनी | ||
| 245 | _aकामिनी | ||
| 260 |
_bमनोरंजन प्रकाशन _c1971 |
||
| 300 | _a189 | ||
| 365 | _b8 | ||
| 520 | _aकादंबरी | ||
| 630 | _aकामिनी | ||
| 650 | _aकादंबरी | ||
| 730 | _aकामिनी | ||
| 942 | _cBOOK | ||
| 999 |
_c617524 _d617521 |
||